| 000 | 00508cam a22002171 4500 | ||
|---|---|---|---|
| 001 | sa 68003292 | ||
| 003 | DLC | ||
| 005 | 20260227112451.0 | ||
| 008 | 890615t19671966ii 000 0 hino | ||
| 010 | _asa 68003292 | ||
| 035 | _a(OCoLC)19873072 | ||
| 040 |
_aDLC _cWaU _dDLC |
||
| 042 | _apremarc | ||
| 050 | 0 | 0 |
_aPK2098.P667 _bV3 |
| 100 | 1 |
_aPrabhas, Sitaram, _d1917- |
|
| 245 | 1 | 0 | _aVallakī. |
| 260 | _c[1967, c1966] | ||
| 300 |
_a21, 5, 96 p. _c23 cm. |
||
| 500 | _aIn Hindi. | ||
| 500 | _aPoems. | ||
| 999 |
_c79374 _d79374 |
||